000 02259nam0a2200361 4500
001 RU\NLR\bibl\22541
005 20260405223940.0
010 _a5-89123-277-4
_bНОРМА
010 _a5-86225-887-6
_bИНФРА.М
_912000
021 _aRU
_b99-3032
_9143
035 _a(NLR Aleph) 000021962
090 _a102023
_c102023
100 _a19990415d1999 |||y0rusy50 ca
101 0 _arus
102 _aRU
105 _aa |||||||||
200 1 _aОбщества с ограниченной ответственностью: правовое положение
_eПракт. коммент. Законы и др. правовые акты. Образцы документов
_fК.П. Беляев, В.А. Горлов, В.А. Захаров
_gИсслед. центр. част. права при Президенте Рос. Федерации
210 _aМ.
_cИзд. гр. НОРМА-ИНФРА.М
_d1999
215 _aХI,[1],225 с.
_d21
225 1 _aСерия "Гражданский кодекс в действии: комментарии, практика и проблемы"
300 _aНа V с. авт.: преподаватели К.П. Беляев, В.А. Горлов, к.ю.н., В.А. Захаров
320 _aБиблиогр. в подстроч. прим.
606 0 _aОбщества с ограниченной ответственностью
_jЗаконы, постановления и т.п.
_yРоссийская Федерация
_92078594
_3RU\NLR\auth\661254456
606 0 _aОбщества с ограниченной ответственностью
_jЗаконодательные материалы
_yРоссийская Федерация
_92078594
_3RU\NLR\auth\661254456
686 _aХ623.012.08
700 1 _4070
_7ca
_8rus
_aБеляев
_bК. П.
_cюрист
_gКонстантин Петрович
_985009
_3RU\NLR\auth\77102083
701 1 _aГорлов
_bВ. А.
_gВалентин Александрович
_4070
701 1 _4070
_7ca
_8rus
_aЗахаров
_bВ. А.
_cканд. юрид. наук
_gВладимир Александрович
_927287
_3RU\NLR\auth\7744346
801 0 _aRU
_bNLR
_c19990415
_gPSBO
801 1 _aRU
_bNLR
_c19990415
852 _aNLR
_j99-3/1637
942 _cBOOK
980 _aNB